Contradanza / (Record no. 112120)

MARC details
000 -LEADER
campo de control de longitud fija 00482nam a2200181 4500
001 - NÚMERO DE CONTROL
campo de control 112120
003 - IDENTIFICADOR DE NÚMERO DE CONTROL
campo de control ES-MaACL
007 - CAMPO FIJO DE DESCRIPCIÓN FÍSICA--INFORMACIÓN GENERAL
campo de control de longitud fija t|
008 - DATOS DE LONGITUD FIJA--INFORMACIÓN GENERAL
campo de control de longitud fija 061121s1984 sp r ||||1| spa d
100 1# - ENTRADA PRINCIPAL--NOMBRE DE PERSONA
Nombre de persona Ors, Francisco.
9 (RLIN) 87363
245 10 - MENCIÓN DEL TÍTULO
Título Contradanza /
Mención de responsabilidad, etc. Francisco Ors.
260 ## - PUBLICACIÓN, DISTRIBUCIÓN, ETC.
Lugar de publicación, distribución, etc. Madrid :
Nombre del editor, distribuidor, etc. Preyson,
Fecha de publicación, distribución, etc. 1984.
300 ## - DESCRIPCIÓN FÍSICA
Extensión 96 p. ;
Dimensiones 15 cm.
490 1# - MENCIÓN DE SERIE
Mención de serie Arte escénico ;
Designación de volumen o secuencia 31
830 0# - PUNTO DE ACCESO ADICIONAL DE SERIE-TÍTULO UNIFORME
Título uniforme Arte escénico ;
Designación de volumen o secuencia 31
9 (RLIN) 180796
852 ## - LOCALIZACIÓN
Ubicación ES-MaACL
Número de control de estantería L-6487
Sublocalización o colección R.107102
Holdings
Estatus retirado Estado de pérdida Estado de daño No para préstamo Biblioteca de origen Biblioteca actual Ubicación en estantería Fecha de adquisición Fuente de adquisición Total de préstamos Signatura topográfica completa Código de barras Visto por última vez Precio de reemplazo Tipo de ítem Koha
        Biblioteca del Ateneo de Madrid Biblioteca del Ateneo de Madrid Depósito 2 17/01/2008     L-6487 1116952 23/02/2023 23/02/2023 Libro impreso